| 000 | 00000nas 2200000zi 4500 |
| 001 | 9.912114 |
| 003 | CaOODSP |
| 005 | 20221107182506 |
| 006 | m o d f |
| 007 | cr ||||||||||| |
| 008 | 220609c20229999onc x m o f0###a0eng|d |
| 040 | |aCaOODSP|beng|erda|cCaOODSP |
| 043 | |an-cn--- |
| 086 | 1 |aXC79-1/1E-PDF |
| 110 | 1 |aCanada. |bParliament. |bHouse of Commons. |bStanding Committee on Science and Research, |eauthor, |eissuing body. |
| 245 | 10|aReport of the Standing Committee on Science and Research. |
| 264 | 1|a[Ottawa] : |bHouse of Commons = Chambre de communes, |c2022- |
| 310 | |aIrregular |
| 336 | |atext|btxt|2rdacontent |
| 337 | |acomputer|bc|2rdamedia |
| 338 | |aonline resource|bcr|2rdacarrier |
| 362 | 1 |aBegan with 44th Parliament, 1st session, first report (June 6, 2022). |
| 500 | |aIssued also in French under title: Rapport du Comité permanent de la science et de la recherche. |
| 588 | |aDescription based on: first report. |
| 588 | |aLatest issue consulted: first report. |
| 650 | 0|aScience and state|zCanada. |
| 650 | 0|aResearch|zCanada. |
| 775 | 08|tRapport du Comité permanent de la science et de la recherche.|w(CaOODSP)9.912113 |